书目信息 |
| 题名: |
高等应用数学
|
|
| 作者: | 周生银 主编 | |
| 分册: | ||
| 出版信息: | 重庆 西南师范大学出版社 2006.07 |
|
| 页数: | 293页 | |
| 开本: | 26cm | |
| 丛书名: | 全国高职计算机专业教材 | |
| 单 册: | ||
| 中图分类: | O29 | |
| 科图分类: | ||
| 主题词: | 应用数学--ying yong shu xue--高等学校--教材 | |
| 电子资源: | ||
| ISBN: | 7-5621-3644-0 | |
| 000 | 01015nam 2200265 450 | |
| 001 | 012007853631 | |
| 005 | 20070927102422.95 | |
| 010 | @a7-5621-3644-0@dCNY28.00 | |
| 100 | @a20070724d2006 km y0chiy0120 ea | |
| 101 | 0 | @achi |
| 102 | @aCN@b500000 | |
| 105 | @aak z 000yy | |
| 200 | 1 | @a高等应用数学@Agao deng ying yong shu xue@f周生银主编@Fzhou sheng yin zhu bian |
| 210 | @a重庆@c西南师范大学出版社@d2006.07 | |
| 215 | @a293页@c图@d26cm | |
| 225 | 2 | @a全国高职计算机专业教材@Aquan guo gao zhi ji suan ji zhuan ye jiao cai@i计算机系列 |
| 312 | @a英文并列题名取自封面。 | |
| 330 | @a本书介绍了函数、极限与连续、导数与微分、不定积分、定积分及其应用、多元函数的微积分、随机事件与概率、随机变量及其分布、参数估计与假设检验等内容。 | |
| 410 | 0 | @12001 @a全国高职计算机专业教材@i计算机系列 |
| 510 | 1 | @aAdvanced applied athematics@zeng |
| 606 | 0 | @a应用数学@Aying yong shu xue@x高等学校@j教材 |
| 690 | @aO29@v4 | |
| 701 | 0 | @a周生银@Azhou sheng yin@4主编 |
| 801 | 0 | @aCN@c20070927 |
| 905 | @dO29@eZ798 | |
| 高等应用数学/周生银主编.-重庆:西南师范大学出版社,2006.07 |
| 293页:图;26cm.-(全国高职计算机专业教材.计算机系列) |
| ISBN 7-5621-3644-0:CNY28.00 |
| 本书介绍了函数、极限与连续、导数与微分、不定积分、定积分及其应用、多元函数的微积分、随机事件与概率、随机变量及其分布、参数估计与假设检验等内容。 |
| ● |
| 相关链接 |
|
|
|
正题名:高等应用数学
索取号:O29/Z798
 
预约/预借
| 序号 | 登录号 | 条形码 | 馆藏地/架位号 | 状态 | 备注 |
| 1 | 246655 | 202466553 | 自科库401/401自科库 50排4列4层/ [索取号:O29/Z798] | 在馆 | |
| 2 | 246656 | 202466562 | 自科库401/401自科库 50排4列4层/ [索取号:O29/Z798] | 在馆 | |
| 3 | 246657 | 202466571 | 自科库401/401自科库 50排4列4层/ [索取号:O29/Z798] | 在馆 |